Hinführung zur naturwissenschaftlichtechnischen Fachsprache. Lehrerheft zu Teil 1/2/3/4 /

Salvato in:
Dettagli Bibliografici
Autori principali: Buhlmann, Rosemarie (Autore), Fearns, Annelise (Autore)
Natura: Libro
Lingua:tedesco
Pubblicazione: Ismanning : Max Hueber, 1982
Tags: Aggiungi Tag
Nessun Tag, puoi essere il primo ad aggiungerne!!

MARC

LEADER 00000nam a22000003a 4500
001 stu31624
005 20150617225736.6
008 940304s1982----gw------------------ger-d
020 |a 3-19-001352-7 
040 |a STU  |b slo 
041 0 |a ger 
044 |a gw 
080 |a 830.175 
100 1 |a Buhlmann, Rosemarie  |4 aut 
245 1 |a Hinführung zur naturwissenschaftlichtechnischen Fachsprache. Lehrerheft zu Teil 1/2/3/4 /  |c [aut.] Buhlmann,Rosemarie; Fearns,Annelise 
260 |a Ismanning :  |b Max Hueber,  |c 1982 
300 |a 305 s 
700 1 |a Fearns, Annelise  |4 aut 
996 |b J90613  |c J*90613  |l JJST  |s P  |a 0  |w stu31624_0001